Bd. 107, № 2; Augenoptik

Podrobná bibliografie
Parent link:Augenoptik: журнал. Bd. 107, № 2.— , 1971-1990.— 0004-7910
Jazyk:němčina
Vydáno: 1990
Médium: Kniha
KOHA link:https://koha.lib.tpu.ru/cgi-bin/koha/opac-detail.pl?biblionumber=568326

MARC

LEADER 00000nam2a2200000 4500
001 568326
005 20231101124534.0
035 |a (RuTPU)RU\TPU\prd\265451 
035 |a RU\TPU\prd\265446 
090 |a 568326 
100 |a 20161115c19909999k y0gery50 ba 
101 0 |a ger 
102 |a DE 
200 0 |a Bd. 107, № 2 
210 |d 1990 
461 1 |0 (RuTPU)RU\TPU\prd\1163  |x 0004-7910  |t Augenoptik  |o журнал  |v Bd. 107, № 2  |d 1971-1990 
801 0 |a RU  |b 63413507  |c 20010227  |g PSBO 
801 1 |a RU  |b 63413507  |c 20020228  |g PSBO 
801 2 |a RU  |b 63413507  |c 20161115  |g PSBO 
942 |c BK 
999 |a НТБ_ТПУ  |b НФ  |e -19/20160111  |p П-4833  |u 0,00  |v 1